| 000 | 00932nam a22003017a 4500 | ||
|---|---|---|---|
| 003 | CHAP | ||
| 005 | 20220329135455.0 | ||
| 008 | 971013s1962 r 00010 d | ||
| 010 | _a37106 | ||
| 011 | _a38078 | ||
| 035 | _a42198 | ||
| 040 | _cCHAP | ||
| 090 | _aFolleto 5228y | ||
| 100 | 0 | 0 |
_aOschatz, H. _984174 |
| 245 | 1 | _aNuevos conocimientos y experiencias en el abonamiento del banano | |
| 260 |
_aHannover : _bVerlagsgesellschaft fur Ackerbau, _c1962 |
||
| 300 | _a27 p. | ||
| 490 |
_aBoletín verde _v; 14 |
||
| 590 |
_aBATCH-UPD _b10 _c20130110 _lUCH01 _h1202 |
||
| 590 |
_aBATCH-UPD _b10 _c20130410 _lUCH01 _h0744 |
||
| 590 |
_aBATCH-UPD _b10 _c20130914 _lUCH01 _h1401 |
||
| 590 |
_aCONVERSION _b10 _c20130109 _lUCH01 _h1321 |
||
| 650 | 1 | 4 |
_aFertilizantes _xEfecto en plátano. _940545 |
| 830 | 0 |
_aBoletín verde _v; 14 _913566 |
|
| 901 | _aBK | ||
| 942 | _cFOLL | ||
| 949 |
_aFolleto 5228y _bBC _cFOLL _d-97212 _eTS1 _i42198 _si |
||
| 999 |
_c37106 _d37106 |
||